Los derechos de las mujeres y los niños /

Contiene: Iguales, pero no tan iguales; Derechos humanos de mujeres y niñas; Mujeres y políticas públicas en el contexto actual; Violencia contra las mujeres y derechos humanos; Mujeres indígenas y los nuevos derechos humanos; El derecho de la mujer a tener derechos; Ciudadanía y derechos de la muje...

Fuld beskrivelse

Guardado en:
Bibliografiske detaljer
Andre forfattere: Soberanes Fernández, José Luis (presentación) (presentación)
Format: Bog
Sprog:spansk
Udgivet: México : Comisión Nacional de Derechos Humanos, 2003, c2003
Serier:(Prevención de la Violencia, Atención a Grupos Vulnerables y los Derechos Humanos ; 2)
Fag:
Tags: Tilføj Tag
Ingen Tags, Vær først til at tagge denne postø!

MARC

LEADER 00000nam^a2200000^a^4500
001 000156001
005 20250521000000.0
009 20260310100450.48
020 |a 970-644-291-X 
037 |a Acervo ITESO - Biblioteca 
041 |a ESP 
082 |a 323. 1  |b PRE V. 2 
240 1 1 |a [Prevención de la violencia, atención a grupos vulnerables y los derechos humanos] 
245 0 4 |a Los derechos de las mujeres y los niños /  |c Presen. de J.L. Soberanes Fernández. 
264 4 |a México :  |b Comisión Nacional de Derechos Humanos,  |c 2003, c2003 
300 |a 115 p. 
336 |a texto  |b txt  |2 rdacontenido 
337 |a sin mediación  |b n  |2 rdamedio 
338 |a volumen  |b nc  |2 rdasoporte 
440 1 |a (Prevención de la Violencia, Atención a Grupos Vulnerables y los Derechos Humanos ;  |v 2) 
520 |a Contiene: Iguales, pero no tan iguales; Derechos humanos de mujeres y niñas; Mujeres y políticas públicas en el contexto actual; Violencia contra las mujeres y derechos humanos; Mujeres indígenas y los nuevos derechos humanos; El derecho de la mujer a tener derechos; Ciudadanía y derechos de la mujer; La mujer indígena oaxaqueña ante el nuevo milenio; La niñez y la violencia; Los derechos humanos comienzan desde la infancia; Derechos y obligaciones de padres e hijos en el derecho. 
649 |a XX 
650 |a Mujeres -  |z México -  |x Condiciones Jurídicas 
650 |a Mujeres -  |x Condiciones Jurídicas 
650 |a Niños -  |z México -  |x Condiciones Jurídicas 
650 |a Niños -  |x Condiciones Jurídicas 
650 |a Indígenas de México -  |x Condiciones Jurídicas 
650 |a Minorías -  |z México -  |x Condiciones Jurídicas 
650 |a Minorías -  |x Condiciones Jurídicas 
650 |a Género -  |z México -  |x Aspectos Jurídicos 
650 |a Género -  |x Aspectos Jurídicos 
650 |a Violencia Doméstica -  |z México -  |x Aspectos Jurídicos 
650 |a Violencia Doméstica -  |x Aspectos Jurídicos 
650 |a Discriminación de Género -  |z México -  |x Aspectos Jurídicos 
650 |a Discriminación de Género -  |x Aspectos Jurídicos 
650 |a Discriminación -  |z México -  |x Aspectos Jurídicos 
650 |a Discriminación -  |x Aspectos Jurídicos 
650 |a Relaciones Padres-Hijos -  |z México -  |x Aspectos Jurídicos 
650 |a Relaciones Padres-Hijos -  |x Aspectos Jurídicos 
650 |a Derechos Humanos -  |z México 
650 |a Derechos Humanos 
650 |a Derecho Indígena -  |z México 
650 |a Derecho Indígena 
650 |a Derecho Constitucional -  |z México 
650 |a Derecho Constitucional 
650 |a Derecho Público -  |z México 
650 |a Derecho Internacional Público 
700 |a Soberanes Fernández, José Luis  |e (presentación) 
910 |a Fondo General 
920 |a Impresos - Libros 
930 |a Colección General 
905 |a 101 
901 |a 0500083638  |b IT1  |c ACC  |u 20250521 
901 |a 0500112398  |b IT1  |c ACC  |u 20250521 
902 |a https://opac.biblio.iteso.mx/vufind/Record/000156001